| 000 | 00823nam a22002537a 4500 | ||
|---|---|---|---|
| 003 | OSt | ||
| 005 | 20150408114133.0 | ||
| 008 | 100630s2011 ohua b 001 0 eng d | ||
| 020 | _a9780538743341 | ||
| 040 | _aMa_ua | ||
| 082 |
_222 _a302.35 _bSJP |
||
| 100 |
_aSlocum, John W. _935673 |
||
| 245 |
_aPrinciples of organizational behavior . _cJohn Slocum, Don Hellriegel |
||
| 250 | _a13th ed. | ||
| 260 |
_aMason, Ohio] : . _bSouth-Western, _c2011 |
||
| 300 |
_a1 v. (various pagings) : _b ill. _c28 cm |
||
| 500 | _aPrevious ed.: 2009. | ||
| 500 | _a"International edition"--Cover. | ||
| 504 | _aIncludes bibliographical references and index. | ||
| 650 |
_aOrganizational behavior. _96066 |
||
| 650 |
_aManagement and Business Studies |2 blcoll _935674 |
||
| 700 |
_aHellriegel, Don. _935675 |
||
| 942 |
_2ddc _cBOOK |
||
| 999 |
_c29887 _d264387 |
||